The noble scholar, jurist, historian


 His Excellency Dr. Abdul Wahhab bin Ibrahim Abu Sulaiman, may Allah have mercy on him.


 He was born in Umm Al-Qura in the year 1356 AH.

خمسة وخمسون عاما من تاريخ العراق 1188 هـ-1242 هـ، وهو، مختصر مطالع السعود بطيب أخبار الوالي داود لعثمان بن الوائلي / (Record no. 14159)

MARC details
000 -LEADER
fixed length control field 01653cam a2200301 i 4500
003 - CONTROL NUMBER IDENTIFIER
control field SA-RiAUC
005 - DATE AND TIME OF LATEST TRANSACTION
control field 20260125124354.0
008 - FIXED-LENGTH DATA ELEMENTS--GENERAL INFORMATION
fixed length control field 260110s1952 ua g 000r0 ara c
040 ## - CATALOGING SOURCE
Original cataloging agency SA-RiKSU
Language of cataloging ara
Transcribing agency SA-RiAUC
Description conventions rda
043 ## - GEOGRAPHIC AREA CODE
Geographic area code a-iq---
082 04 - DEWEY DECIMAL CLASSIFICATION NUMBER
Classification number 956.701
090 ## - LOCALLY ASSIGNED LC-TYPE CALL NUMBER (OCLC); LOCAL CALL NUMBER (RLIN)
Classification number (OCLC) (R) ; Classification number, CALL (RLIN) (NR) م ن 956.701
Local cutter number (OCLC) ; Book number/undivided call number, CALL (RLIN) ا م ي
100 1# - MAIN ENTRY--PERSONAL NAME
Personal name أمين الحلواني، أمين بن حسن الحلواني،
Dates associated with a name توفي 1316 هجري
Relator term مؤلف.
245 10 - TITLE STATEMENT
Title خمسة وخمسون عاما من تاريخ العراق 1188 هـ-1242 هـ، وهو، مختصر مطالع السعود بطيب أخبار الوالي داود لعثمان بن الوائلي /
Statement of responsibility, etc. اختصار أمين بن حسن الحلواني ؛ تحقيق محب الدين الخطيب.
246 33 - VARYING FORM OF TITLE
Title proper/short title مختصر مطالع السعود بطيب أخبار الوالي داود
264 #1 - PRODUCTION, PUBLICATION, DISTRIBUTION, MANUFACTURE, AND COPYRIGHT NOTICE
Place of production, publication, distribution, manufacture [مكان النشر غير محدد] :
Name of producer, publisher, distributor, manufacturer [الناشر غير محدد]،
Date of production, publication, distribution, manufacture, or copyright notice [1952]
264 #3 - PRODUCTION, PUBLICATION, DISTRIBUTION, MANUFACTURE, AND COPYRIGHT NOTICE
Place of production, publication, distribution, manufacture القاهرة :
Name of producer, publisher, distributor, manufacturer المطبعة السلفية
300 ## - PHYSICAL DESCRIPTION
Extent 231 صفحة ؛
Dimensions 20 سم
336 ## - CONTENT TYPE
Content type term نص
Content type code txt
Source rdacontent
Materials specified كتاب
337 ## - MEDIA TYPE
Media type term بدون وسيط
Media type code n
Source rdamedia
338 ## - CARRIER TYPE
Carrier type term مجلد
Carrier type code nc
Source rdacarrier
651 #7 - SUBJECT ADDED ENTRY--GEOGRAPHIC NAME
Geographic name العراق
General subdivision تاريخ
Chronological subdivision الحكم العثماني، 1640-1917
Source of heading or term aucsh
700 1# - ADDED ENTRY--PERSONAL NAME
Personal name محب الدين الخطيب، محب الدين بن محمد بن عبد القادر،
Dates associated with a name 1886-1969
Relator term محقق.
700 12 - ADDED ENTRY--PERSONAL NAME
Personal name ابن سند البصري، عثمان بن سند النجدي،
Dates associated with a name 1180-1242 هجري
740 02 - ADDED ENTRY--UNCONTROLLED RELATED/ANALYTICAL TITLE
Uncontrolled related/analytical title مطالع السعود بطيب أخبار الوالي داود.
942 ## - ADDED ENTRY ELEMENTS (KOHA)
Source of classification or shelving scheme Dewey Decimal Classification
Koha item type كتاب مصور نادر
Suppress in OPAC No
949 ## - LOCAL PROCESSING INFORMATION (OCLC)
a SA-JeALM
d 260110
u mohamedma123
n 1
Holdings
Withdrawn status Lost status Source of classification or shelving scheme Damaged status Not for loan Home library Current library Date acquired Total checkouts Full call number Barcode Date last seen Price effective from Koha item type
    Dewey Decimal Classification     DR AbdElwahab Library DR AbdElwahab Library 01/25/2026   م ن 956.701 ا م ي 000022604 01/25/2026 01/25/2026 كتاب مصور نادر